000 00447nam a22001337a 4500
005 20250708143906.0
008 250708b |||||||| |||| 00| 0 eng d
050 _aBS2410
_bBAR
245 _aTHE NEW TESTAMENT BACKGROUND;
_bWRITINGS FROM ANCIENT GREECE AND ROMAN EMPIRE THAT ILLUMINATE CHRISTIAN ORIGINS
_cEDITED BY C.K BARRETT
260 _aNEW YORK
_bHARPER SANFRANCISCO
_cc1956
300 _axv, 361p
700 _aC.K. BARRETT
942 _2lcc
_cBK
_n0
999 _c6866
_d6866